The fall of Rome ; can it be explained?

Bibliographic Details
Main Author: Chambers, Mortimer
Format: Book
Language:English
Published: New York : Holt, Rinehart and Winston, [1963]
Series:European problem studies.
Subjects:

MARC

Tag First Indicator Second Indicator Subfields
LEADER 00000cam a22000001 4500
001 in00000307021
005 20151010140339.0
008 720420s1963 nyu b 00000 eng
010 |a  63014411  
035 |a (OCoLC)00710885 
035 |9 ABH1982AM 
040 |a DLC  |c DLC  |d TXA  |d UtOrBLW 
043 |a aw-----  |a ff-----  |a e------ 
049 |a TXAM  |c [912380] 
050 0 0 |a DG311  |b .C5 
082 0 |a 937.08 
100 1 |a Chambers, Mortimer. 
245 1 4 |a The fall of Rome ;  |b can it be explained? 
264 1 |a New York :  |b Holt, Rinehart and Winston,  |c [1963] 
300 |a 121 pages ;  |c 24 cm. 
336 |a text  |b txt  |2 rdacontent 
337 |a unmediated  |b n  |2 rdamedia 
338 |a volume  |b nc  |2 rdacarrier 
490 1 |a European problem studies 
504 |a Includes bibliography. 
651 0 |a Rome  |x History  |y Empire, 284-476. 
830 0 |a European problem studies. 
999 |a MARS 
999 f f |s fd3e1d69-f0d5-3eb0-94f4-86354dc2d78b  |i 9d981bd0-919e-35d2-97fb-87e53f310664  |t 0 
952 f f |p normal  |a Texas A&M University  |b College Station  |c Sterling C. Evans Library  |d Evans: Library Stacks  |t 0  |e DG311 .C5  |h Library of Congress classification  |i unmediated -- volume  |m A14801989767 
998 f f |a DG311 .C5  |t 0  |l Evans: Library Stacks